000 00246 a2200097 4500
001 47441
100 _aWebstor C
245 _aThe strategic air offensive against Germany
260 _aLondon
_bHer majesty s stationary
_c
090 _c30469
_d30469
942 _aNUST-CAE
_cM
_c22746
999 _c282514
_d282514